|
|
|
|
| LEADER |
00000cam a2200000 7i4500 |
| 001 |
0000002117 |
| 005 |
20220105103933.0 |
| 008 |
10/07/07 |
| 020 |
|
|
|a 074605310X
|
| 090 |
0 |
0 |
|a JP
|b AD ENG (1807)
|
| 100 |
1 |
|
|a Rawson, Christopher
|
| 245 |
1 |
0 |
|a Wizards
|c Christopher Rawson
|
| 260 |
|
|
|a England :
|b Usborne Publishings ,
|c 2004
|
| 440 |
|
|
|a Usborne young reading:Series One
|
| 500 |
|
|
|a Children age 4-6 years old (yellow)
|
| 650 |
|
0 |
|a Adventure stories
|
| 999 |
|
|
|a 0000895941
|b Book
|c Adult Collection
|e Cawangan Mersing
|
| 999 |
|
|
|a 0000895942
|b Book
|c Children Collection
|e Cawangan Segamat
|
| 999 |
|
|
|a 0000895943
|b Book
|c Children Collection
|e Cawangan Tangkak
|
| 999 |
|
|
|a 0000960151
|b Book
|c Children Collection
|e Cawangan Pontian
|
| 999 |
|
|
|a 0000966111
|b Book
|c Children Collection
|e Cawangan Segamat
|
| 999 |
|
|
|a 0000966112
|b Book
|c Children Collection
|e Perbadanan Perpustakaan Awam Johor
|
| 999 |
|
|
|a 0000966113
|b Book
|c Children Collection
|e Perbadanan Perpustakaan Awam Johor
|
| 999 |
|
|
|a 0000966114
|b Book
|c Children Collection
|e Perbadanan Perpustakaan Awam Johor
|
| 999 |
|
|
|a 0000966115
|b Book
|c Children Collection
|e Perbadanan Perpustakaan Awam Johor
|
| 999 |
|
|
|a 895939
|b Book
|c Children Collection
|e Cawangan Bandar Penawar
|